| 000 | 00904nam a2200217 a 4500 | ||
|---|---|---|---|
| 001 | 000022419 | ||
| 005 | 20200930011725.0 | ||
| 008 | 101011s2009 dr 000 0 spa d | ||
| 020 | _a9789945856835 | ||
| 040 |
_aDO-SdBNP _bspa _cBNPHU |
||
| 082 |
_axxx _bG993c |
||
| 100 | 1 |
_aGuzmán F., Francisco Rafael _d1950- _946219 |
|
| 245 | 1 | 0 |
_a50 años de la Facultad de Ciencias Económicas y Sociales. Medio siglo: una historia, una facultad. / _cFrancisco Rafael Guzmán F. ; presentación Emma Polanco Melo. |
| 246 | 1 | 0 | _aCincuenta años de la Facultad de Ciencias Económicas y Sociales. Medio siglo: una historia, una facultad. |
| 260 |
_aSanto Domingo : _bComputhen todo impreso, _c2009. |
||
| 300 |
_a204 p. ; _c28 cm. |
||
| 500 | _aIncluye datos biográficos del autor en la contraportada | ||
| 500 | _aIncluye notas al pie de las páginas | ||
| 700 | 1 |
_aPolanco Melo, Emma _91975 |
|
| 049 | _aBNPD | ||
| 999 |
_c21917 _d21917 |
||